| 000 | 00407pam a2200157a 44500 | ||
|---|---|---|---|
| 008 | 230515b1959 xxu||||| |||| 00| 0 eng d | ||
| 020 | _a0-521-49845-7 | ||
| 041 | _aENGLISH | ||
| 082 | _a1.422 | ||
| 100 | _aBAILEY NORMAN T. J. | ||
| 245 | _aSTATISTICAL METHODS IN BIOLOGY | ||
| 250 | _aIII | ||
| 260 |
_a _bCAMBRIDGE UNIVERSITY PRESS _c1959 |
||
| 300 | _a255 | ||
| 650 | _aSTATISTICAL METHODS IN BIOLOGY | ||
| 999 |
_c565699 _d565699 |
||